[Event "1617LLO"]
[Site "Mecklenburg-Vorpommern"]
[Date "2016.11.20"]
[Round "3.3"]
[White "Wegner, Michael"]
[Black "Schwetlick, Thomas"]
[Result "1-0"]
[WhiteElo "1604"]
[BlackElo "1830"]
[PlyCount "143"]
[EventDate "2016.11.06"]
[EventType "team-tourn"]
[EventRounds "9"]
[SourceDate "2016.10.16"]
[WhiteTeam "SSC Rostock III"]
[BlackTeam "HSG Uni Rostock"]

1. e4 e5 2. Nf3 Nc6 3. d4 exd4 4. Nxd4 Nf6 5. Nc3 Bb4 6. Nxc6 bxc6 7. Bd3 d5 8.
O-O O-O 9. Bg5 Qd6 10. Bxf6 Qxf6 11. exd5 Bxc3 12. bxc3 Bf5 13. c4 Rad8 14. Qf3
Bxd3 15. Qxd3 Rd6 16. Rad1 Rfd8 17. Rfe1 g6 18. Qb3 Kg7 19. g3 cxd5 20. Rxd5 c6
21. Rd3 R8d7 22. Ree3 Qd8 23. Kg2 c5 24. Rxd6 Rxd6 25. Rd3 Qa8+ 26. f3 Re6 27.
Qc3+ Kg8 28. Qd2 Qc6 29. Kf2 Kg7 30. Rd5 Qe8 31. Qg5 Qe7 32. Qxe7 Rxe7 33. Rxc5
Re6 34. a4 Ra6 35. a5 Kf6 36. f4 Re6 37. Rc7 Ra6 38. Rc5 Re6 39. g4 h6 40. h4
Kg7 41. f5 gxf5 42. gxf5 Re4 43. Kg3 Kf6 44. a6 Re2 45. Rc7 Rxc2 46. Kf4 Rh2
47. Rc6+ Kg7 48. Kg4 Ra2 49. h5 Rg2+ 50. Kf4 Rh2 51. f6+ Kh7 52. Rc7 Rxh5 53.
Rxf7+ Kg6 54. Rxa7 Kxf6 55. Rc7 Ra5 56. a7 Ke6 57. Rc6+ Kd7 58. Rxh6 Kc7 59.
Rh7+ Kb6 60. Ke4 Ra1 61. Kd5 Rd1+ 62. Ke6 Rd8 63. Rd7 Rc8 64. Ke7 Ra8 65. Kd6
Rc8 66. c5+ Ka6 67. Rc7 Rh8 68. Re7 Rc8 69. c6 Ra8 70. Rb7 Rh8 71. Re7 Ra8 72.
Re1 1-0

[Event "1617LLO"]
[Site "Mecklenburg-Vorpommern"]
[Date "2016.11.20"]
[Round "3.4"]
[White "Ivanov, Sergey V"]
[Black "Worm, Alfred"]
[Result "1/2-1/2"]
[WhiteElo "1735"]
[BlackElo "1591"]
[PlyCount "53"]
[EventDate "2016.11.06"]
[EventType "team-tourn"]
[EventRounds "9"]
[SourceDate "2016.10.16"]
[WhiteTeam "HSG Uni Rostock"]
[BlackTeam "SSC Rostock III"]

1. c4 Nf6 2. Nc3 e5 3. Nf3 Nc6 4. d4 exd4 5. Nxd4 Nxd4 6. Qxd4 b6 7. Bg5 Bb7 8.
Bxf6 Qxf6 9. Qxf6 gxf6 10. O-O-O O-O-O 11. Rg1 Rg8 12. g3 Bg7 13. Bh3 Rge8 14.
Bf5 Re5 15. e4 Bc6 16. Rd2 Kb8 17. h3 h5 18. Kc2 d6 19. Rgd1 Rde8 20. Nd5 Bxd5
21. Rxd5 Rxd5 22. Rxd5 Re5 23. Rd3 Kb7 24. f3 a5 25. g4 h4 26. f4 Rc5 27. b3
1/2-1/2

[Event "1617LLO"]
[Site "Mecklenburg-Vorpommern"]
[Date "2016.11.20"]
[Round "3.5"]
[White "Raitza, Egon"]
[Black "Sager, Bernd"]
[Result "0-1"]
[WhiteElo "1559"]
[BlackElo "1795"]
[PlyCount "84"]
[EventDate "2016.11.06"]
[EventType "team-tourn"]
[EventRounds "9"]
[SourceDate "2016.10.16"]
[WhiteTeam "SSC Rostock III"]
[BlackTeam "HSG Uni Rostock"]

1. d4 d5 2. c4 e6 3. Nc3 c5 4. cxd5 exd5 5. Nf3 Nf6 6. dxc5 Nc6 7. Bg5 Be7 8.
e3 Qa5 9. Be2 Qxc5 10. O-O Be6 11. Nb5 O-O 12. Nbd4 Rac8 13. Nxc6 bxc6 14. Rc1
Qa5 15. Nd4 Bd7 16. a3 Rfd8 17. Bxf6 Bxf6 18. Bg4 c5 19. Bxd7 Rxd7 20. Qd3 Rdc7
21. b4 c4 22. Qc3 Qa4 23. Rfd1 h6 24. Qc2 Qd7 25. a4 c3 26. b5 Rc4 27. Nc6 a6
28. Qb3 axb5 29. axb5 Qe6 30. Nd4 Qe4 31. Qc2 Qe7 32. Ra1 Qc5 33. Rab1 Bxd4 34.
exd4 Rxd4 35. Rxd4 Qxd4 36. b6 Rb8 37. b7 Qe4 38. Qb3 d4 39. h3 c2 40. Rc1 d3
41. Qc3 Rxb7 42. Qc8+ Kh7 0-1

[Event "1617LLO"]
[Site "Mecklenburg-Vorpommern"]
[Date "2016.11.20"]
[Round "3.6"]
[White "Schroeder, Christian"]
[Black "Schmidt, Joern"]
[Result "1/2-1/2"]
[WhiteElo "1751"]
[BlackElo "1489"]
[PlyCount "86"]
[EventDate "2016.11.06"]
[EventType "team-tourn"]
[EventRounds "9"]
[SourceDate "2016.10.16"]
[WhiteTeam "HSG Uni Rostock"]
[BlackTeam "SSC Rostock III"]

1. c4 Nf6 2. d4 e6 3. Nf3 d5 4. Nc3 c6 5. Bg5 Be7 6. e3 Nbd7 7. Bd3 h6 8. Bh4
b6 9. cxd5 cxd5 10. Rc1 Bb7 11. O-O O-O 12. Ne5 Nxe5 13. dxe5 Ne4 14. Bxe7 Qxe7
15. Nb5 Rfc8 16. Bxe4 dxe4 17. Nd6 Rxc1 18. Qxc1 Bd5 19. b3 f6 20. Qc3 Rd8 21.
Nb5 a6 22. exf6 gxf6 23. Nd4 Qc5 24. Rc1 Rc8 25. Ne2 Qxc3 26. Rxc3 Rxc3 27.
Nxc3 Kf7 28. Kf1 Ke7 29. Ke2 Kd6 30. Kd2 Kc5 31. Na4+ Kc6 32. Kc3 b5 33. Nb2 a5
34. a3 Kc5 35. b4+ axb4+ 36. axb4+ Kd6 37. Kd4 e5+ 38. Kc3 Bc6 39. Nd1 Kd5 40.
Kb3 Ke6 41. Nc3 h5 42. Kc2 Kf5 43. Kd2 Ke6 1/2-1/2

[Event "1617LLO"]
[Site "Mecklenburg-Vorpommern"]
[Date "2016.11.20"]
[Round "3.7"]
[White "Bardosch, Konstantin"]
[Black "Hantel, Thomas"]
[Result "1/2-1/2"]
[WhiteElo "1448"]
[BlackElo "1648"]
[PlyCount "64"]
[EventDate "2016.11.06"]
[EventType "team-tourn"]
[EventRounds "9"]
[SourceDate "2016.10.16"]
[WhiteTeam "SSC Rostock III"]
[BlackTeam "HSG Uni Rostock"]

1. d4 d5 2. Bg5 Nd7 3. e3 Ngf6 4. Nf3 e6 5. Nbd2 Be7 6. Bd3 O-O 7. O-O h6 8.
Bh4 a6 9. c4 c5 10. Bg3 dxc4 11. Nxc4 b5 12. Nce5 Bb7 13. a4 c4 14. Be2 Nb6 15.
b3 Ne4 16. bxc4 Nc3 17. Qc2 Nxe2+ 18. Qxe2 Nxc4 19. Nxc4 bxc4 20. Qxc4 Rc8 21.
Qd3 Qd5 22. Rfc1 h5 23. Rab1 g5 24. Ne1 h4 25. Be5 h3 26. f3 hxg2 27. e4 Qa2
28. Nxg2 Rxc1+ 29. Rxc1 Qxa4 30. Rc7 Qb4 31. Qc3 Qxc3 32. Rxc3 f6 1/2-1/2

[Event "1617LLO"]
[Site "Mecklenburg-Vorpommern"]
[Date "2016.11.20"]
[Round "3.8"]
[White "Ernst, Mathias"]
[Black "Ewert, Gerd"]
[Result "1-0"]
[WhiteElo "1687"]
[BlackElo "1320"]
[PlyCount "71"]
[EventDate "2016.11.06"]
[EventType "team-tourn"]
[EventRounds "9"]
[SourceDate "2016.10.16"]
[WhiteTeam "HSG Uni Rostock"]
[BlackTeam "SSC Rostock III"]

1. e4 c5 2. Nf3 Nc6 3. d4 cxd4 4. Nxd4 Nxd4 5. Qxd4 e6 6. c4 Qc7 7. Nc3 Qc5 8.
Qd3 a6 9. Be2 Bd6 10. Be3 Qc7 11. g3 Ne7 12. O-O-O Bc5 13. f4 Bxe3+ 14. Qxe3
O-O 15. Kb1 f5 16. e5 Rb8 17. Rd6 b6 18. Rhd1 Rd8 19. Qd3 h6 20. Rxe6 dxe6 21.
Qxd8+ Qxd8 22. Rxd8+ Kf7 23. Bf3 g6 24. Kc2 h5 25. Kd3 b5 26. c5 a5 27. Kd4 b4
28. Na4 b3 29. a3 Kg7 30. Nb6 Kf7 31. Kc3 a4 32. Nxa4 Rb5 33. Rd6 Bb7 34. Bxb7
Rxb7 35. Nb6 Rb8 36. Kc4 1-0

[Event "1617LLO"]
[Site "Mecklenburg-Vorpommern"]
[Date "2016.11.20"]
[Round "3.1"]
[White "Hartung, Lothar"]
[Black "Otto, Martin"]
[Result "1/2-1/2"]
[WhiteElo "1799"]
[BlackElo "1818"]
[PlyCount "35"]
[EventDate "2016.11.06"]
[EventType "team-tourn"]
[EventRounds "9"]
[SourceDate "2016.10.16"]
[WhiteTeam "SG Neubrandenburg II"]
[BlackTeam "SAV Torgelow-Droegeheide II"]

1. d4 Nf6 2. Nf3 d6 3. Bf4 g6 4. e3 Bg7 5. Bd3 c6 6. c3 Nbd7 7. e4 Qc7 8. h3 e5
9. dxe5 dxe5 10. Be3 Nf8 11. Nbd2 Ne6 12. g3 Nd7 13. Nb3 a5 14. a4 b6 15. Qc2
h6 16. Rd1 Rb8 17. Nfd2 Bf8 18. Bc4 1/2-1/2

[Event "1617LLO"]
[Site "Mecklenburg-Vorpommern"]
[Date "2016.11.20"]
[Round "3.2"]
[White "Kilp, Gunnar"]
[Black "Hoerhold, Martin"]
[Result "1/2-1/2"]
[WhiteElo "1664"]
[BlackElo "1718"]
[PlyCount "25"]
[EventDate "2016.11.06"]
[EventType "team-tourn"]
[EventRounds "9"]
[SourceDate "2016.10.16"]
[WhiteTeam "SAV Torgelow-Droegeheide II"]
[BlackTeam "SG Neubrandenburg II"]

1. d4 g6 2. Nf3 Bg7 3. c4 d6 4. Bf4 Nd7 5. Nc3 c5 6. e3 cxd4 7. exd4 Ngf6 8.
Be2 O-O 9. O-O Re8 10. d5 a5 11. Qd2 Nc5 12. Bh6 Bh8 13. h3 1/2-1/2

[Event "1617LLO"]
[Site "Mecklenburg-Vorpommern"]
[Date "2016.11.20"]
[Round "3.3"]
[White "Rehbein, Hans Juergen"]
[Black "Kilp, Andreas"]
[Result "1/2-1/2"]
[WhiteElo "1730"]
[BlackElo "1701"]
[PlyCount "30"]
[EventDate "2016.11.06"]
[EventType "team-tourn"]
[EventRounds "9"]
[SourceDate "2016.10.16"]
[WhiteTeam "SG Neubrandenburg II"]
[BlackTeam "SAV Torgelow-Droegeheide II"]

1. Nf3 d5 2. b3 Nf6 3. Bb2 e6 4. g3 b6 5. Bg2 Bb7 6. O-O Be7 7. d3 O-O 8. Nbd2
Nbd7 9. c4 c5 10. Rc1 d4 11. e3 e5 12. Nxe5 Bxg2 13. Nxf7 Rxf7 14. Kxg2 dxe3
15. fxe3 Nf8 1/2-1/2

[Event "1617LLO"]
[Site "Mecklenburg-Vorpommern"]
[Date "2016.11.20"]
[Round "3.4"]
[White "Bollnow, Alex"]
[Black "Buenz, Heinrich"]
[Result "0-1"]
[WhiteElo "1592"]
[BlackElo "1638"]
[PlyCount "46"]
[EventDate "2016.11.06"]
[EventType "team-tourn"]
[EventRounds "9"]
[SourceDate "2016.10.16"]
[WhiteTeam "SAV Torgelow-Droegeheide II"]
[BlackTeam "SG Neubrandenburg II"]

1. e4 e5 2. Nf3 Nc6 3. Bb5 d6 4. d4 exd4 5. Nxd4 Bd7 6. O-O Nxd4 7. Bxd7+ Qxd7
8. Qxd4 Nf6 9. Nc3 Be7 10. Re1 O-O 11. b3 Qg4 12. Bb2 Nd7 13. Nd5 Bd8 14. Rad1
Ne5 15. Qc3 c6 16. Ne3 Qg6 17. Nf5 Bf6 18. Rxd6 Rfe8 19. Qe3 Rad8 20. Ba3 Ng4
21. Qg3 Qxf5 22. Rxd8 Bxd8 23. f3 Qa5 0-1

[Event "1617LLO"]
[Site "Mecklenburg-Vorpommern"]
[Date "2016.11.20"]
[Round "3.6"]
[White "Greinert, Timo"]
[Black "Sommer, Hans Hermann"]
[Result "1/2-1/2"]
[WhiteElo "1805"]
[BlackElo "1639"]
[PlyCount "51"]
[EventDate "2016.11.06"]
[EventType "team-tourn"]
[EventRounds "9"]
[SourceDate "2016.10.16"]
[WhiteTeam "SAV Torgelow-Droegeheide II"]
[BlackTeam "SG Neubrandenburg II"]

1. c4 c5 2. Nc3 Nc6 3. g3 Nf6 4. Bg2 e6 5. e3 Be7 6. Nge2 O-O 7. Nf4 Ne5 8. d3
Ng6 9. e4 d6 10. Nxg6 fxg6 11. O-O e5 12. f4 exf4 13. Bxf4 Nh5 14. Bd2 Bf6 15.
Qe2 Be6 16. Bf3 Qd7 17. Be3 Be5 18. Bxh5 gxh5 19. Qxh5 Bg4 20. Qh4 Bf6 21. Bg5
Bd4+ 22. Kg2 Bxc3 23. bxc3 Be2 24. Rfe1 Bxd3 25. Rad1 Bxc4 26. Be7 1/2-1/2

[Event "1617LLO"]
[Site "Mecklenburg-Vorpommern"]
[Date "2016.11.20"]
[Round "3.7"]
[White "Meyer, Detlef"]
[Black "Schmekel, Matthias"]
[Result "0-1"]
[WhiteElo "1775"]
[BlackElo "1527"]
[PlyCount "88"]
[EventDate "2016.11.06"]
[EventType "team-tourn"]
[EventRounds "9"]
[SourceDate "2016.10.16"]
[WhiteTeam "SG Neubrandenburg II"]
[BlackTeam "SAV Torgelow-Droegeheide II"]

1. e4 c5 2. Bc4 e6 3. Nc3 Nc6 4. Nf3 a6 5. a4 Qc7 6. d3 Be7 7. O-O Nf6 8. Bg5
O-O 9. Bb3 d6 10. Re1 Bd7 11. Rc1 Ne8 12. Bxe7 Nxe7 13. Qe2 Qa5 14. Qe3 Rc8 15.
Nd2 b5 16. axb5 axb5 17. Ra1 Qb6 18. Ra2 Nc6 19. Rea1 Nc7 20. Qg3 Nd4 21. Nf3
Nxb3 22. cxb3 Bc6 23. Ne2 Bb7 24. Nf4 f5 25. Ng5 Rf6 26. Qe3 e5 27. Ne2 f4 28.
Qd2 b4 29. Nf3 Ne6 30. Rc1 g5 31. h3 Rg6 32. Nh2 Rf8 33. Kh1 h5 34. Qd1 g4 35.
Qc2 f3 36. Ng3 fxg2+ 37. Kg1 Nd4 38. Qc4+ Kh8 39. h4 Rgf6 40. Re1 Rxf2 41. Qc1
R8f4 42. Qe3 Nc2 43. Qc1 Nxe1 44. Qxe1 c4 0-1

[Event "1617LLO"]
[Site "Mecklenburg-Vorpommern"]
[Date "2016.11.20"]
[Round "3.8"]
[White "Schmidt, Paul"]
[Black "Peters, Hans Joachim"]
[Result "1-0"]
[WhiteElo "1424"]
[BlackElo "1723"]
[PlyCount "89"]
[EventDate "2016.11.06"]
[EventType "team-tourn"]
[EventRounds "9"]
[SourceDate "2016.10.16"]
[WhiteTeam "SAV Torgelow-Droegeheide II"]
[BlackTeam "SG Neubrandenburg II"]

1. e4 e6 2. d4 d5 3. Nc3 Nc6 4. Bb5 a6 5. Bxc6+ bxc6 6. Nge2 Nf6 7. e5 Nd7 8.
f4 c5 9. Be3 Bb7 10. dxc5 Nxc5 11. Rg1 Nd7 12. Qd2 c5 13. Bf2 Rb8 14. Ng3 Be7
15. Qe2 g6 16. O-O-O Qb6 17. b3 Qa5 18. Be1 Qa3+ 19. Kb1 Nb6 20. Ka1 c4 21. Nb1
Qc5 22. Bf2 Qb5 23. Nc3 Qa5 24. Be1 Bb4 25. Nb1 cxb3 26. cxb3 Rc8 27. Bxb4 Qxb4
28. Qf2 Qc5 29. Qd2 Qb5 30. Ne2 O-O 31. Nd4 Qd7 32. g4 Rc7 33. f5 exf5 34. gxf5
Rfc8 35. Qh6 Qe7 36. f6 Qf8 37. Qe3 Nd7 38. Nf5 Re8 39. Ne7+ Kh8 40. h4 h5 41.
Nc3 Nc5 42. Ncxd5 Bxd5 43. Rxd5 Ne6 44. Rd6 Ra8 45. Rxe6 1-0

[Event "1617LLO"]
[Site "Mecklenburg-Vorpommern"]
[Date "2016.12.04"]
[Round "4.1"]
[White "Hoerhold, Martin"]
[Black "Burwitz, Joerg"]
[Result "1/2-1/2"]
[WhiteElo "1718"]
[BlackElo "1753"]
[PlyCount "82"]
[EventDate "2016.11.06"]
[EventType "team-tourn"]
[EventRounds "9"]
[SourceDate "2016.10.16"]
[WhiteTeam "SG Neubrandenburg II"]
[BlackTeam "RUGIA Bergen"]

1. e4 c6 2. d4 d5 3. e5 Bf5 4. Nf3 e6 5. Be2 c5 6. O-O Nc6 7. c3 Qb6 8. Qa4 Qa5
9. Qxa5 Nxa5 10. dxc5 Nc6 11. b4 Bg4 12. Re1 Bxf3 13. Bxf3 Nge7 14. Bd1 Ng6 15.
f4 a5 16. Ba4 axb4 17. Bxc6+ bxc6 18. cxb4 Kd7 19. Nc3 Be7 20. Ne2 Rhb8 21. Bd2
Ra3 22. Nc1 Nh4 23. Nb3 f6 24. Bc1 Ra4 25. a3 fxe5 26. fxe5 Ng6 27. Bb2 Raa8
28. Rf1 Rf8 29. g3 Bg5 30. Kg2 Ne7 31. h4 Bh6 32. g4 Bf4 33. Rae1 h6 34. Nd4
Ng6 35. Nf3 Rf7 36. Ra1 Rb8 37. Bc3 Be3 38. h5 Nf4+ 39. Kh2 Rbf8 40. Nh4 Ne2
41. Rxf7+ Rxf7 1/2-1/2

[Event "1617LLO"]
[Site "Mecklenburg-Vorpommern"]
[Date "2016.12.04"]
[Round "4.2"]
[White "Pawlick, Helmut"]
[Black "Leisner, Ekkehardt"]
[Result "0-1"]
[WhiteElo "1830"]
[BlackElo "1713"]
[PlyCount "76"]
[EventDate "2016.11.06"]
[EventType "team-tourn"]
[EventRounds "9"]
[SourceDate "2016.10.16"]
[WhiteTeam "RUGIA Bergen"]
[BlackTeam "SG Neubrandenburg II"]

1. e4 c5 2. d4 cxd4 3. c3 dxc3 4. Nxc3 e6 5. Bc4 Qc7 6. Bb3 a6 7. Nf3 Nc6 8.
O-O Nf6 9. Qe2 d6 10. Bf4 Be7 11. Rfd1 O-O 12. Rac1 Qb8 13. Bc2 e5 14. Bg5 Bg4
15. Be3 b5 16. a3 Qb7 17. h3 Be6 18. Nd5 Bxd5 19. exd5 Nb8 20. g4 g6 21. Bg5
Nbd7 22. h4 Rfe8 23. h5 Nxg4 24. hxg6 hxg6 25. Bxg6 fxg6 26. Qe4 Kg7 27. Qxg4
Rac8 28. Bxe7 Rxe7 29. Rxc8 Qxc8 30. Nh4 Qc2 31. Re1 Rf7 32. Qg3 Nc5 33. Re3
Rf4 34. b4 Nd7 35. Rc3 Qb1+ 36. Kh2 Nf6 37. Rc7+ Kh6 38. Ng2 Ng4+ 0-1

[Event "1617LLO"]
[Site "Mecklenburg-Vorpommern"]
[Date "2016.12.04"]
[Round "4.3"]
[White "Buenz, Heinrich"]
[Black "Tabbert, Dirk"]
[Result "1/2-1/2"]
[WhiteElo "1638"]
[BlackElo "1642"]
[PlyCount "66"]
[EventDate "2016.11.06"]
[EventType "team-tourn"]
[EventRounds "9"]
[SourceDate "2016.10.16"]
[WhiteTeam "SG Neubrandenburg II"]
[BlackTeam "RUGIA Bergen"]

1. Nf3 f5 2. g3 Nf6 3. Bg2 c6 4. c4 e6 5. O-O Be7 6. b3 O-O 7. Bb2 d5 8. cxd5
exd5 9. e3 h5 10. Nh4 Kh7 11. Qc2 g6 12. Nc3 Be6 13. Ne2 Qd6 14. f4 Nbd7 15.
Nd4 Ne4 16. Nhf3 Bf7 17. d3 Nef6 18. Rae1 Qc5 19. Qe2 Rae8 20. Ne5 Bd6 21. Ndf3
Qb6 22. h3 Qc7 23. g4 fxg4 24. hxg4 Be6 25. Nxg6 Kxg6 26. f5+ Kh7 27. fxe6 Rxe6
28. Bh3 Ree8 29. Qg2 Bg3 30. Re2 Rg8 31. Bxf6 Nxf6 32. Ng5+ Rxg5 33. Rxf6 Be5
1/2-1/2

[Event "1617LLO"]
[Site "Mecklenburg-Vorpommern"]
[Date "2016.12.04"]
[Round "4.4"]
[White "Scheel, Manfred"]
[Black "Sommer, Hans Hermann"]
[Result "0-1"]
[WhiteElo "1676"]
[BlackElo "1639"]
[PlyCount "96"]
[EventDate "2016.11.06"]
[EventType "team-tourn"]
[EventRounds "9"]
[SourceDate "2016.10.16"]
[WhiteTeam "RUGIA Bergen"]
[BlackTeam "SG Neubrandenburg II"]

1. e4 e5 2. Nf3 Nc6 3. d4 exd4 4. Nxd4 Nf6 5. Nxc6 bxc6 6. Bd3 d6 7. O-O Be7 8.
b3 O-O 9. Bb2 Bg4 10. f3 Be6 11. Nc3 d5 12. Qe1 Bc5+ 13. Kh1 Re8 14. Rd1 Nh5
15. Ne2 Qe7 16. Ng3 Bb4 17. c3 Nxg3+ 18. Qxg3 Bd6 19. f4 f6 20. Qh4 g6 21. Rde1
f5 22. Qxe7 Rxe7 23. exf5 Bxf5 24. Bxf5 gxf5 25. Rxe7 Bxe7 26. Re1 Bd6 27. g3
Kf7 28. Kg2 Rg8 29. Kf3 Rg6 30. Rc1 c5 31. Rd1 c6 32. a3 a5 33. Bc1 h5 34. Bd2
Bc7 35. c4 d4 36. b4 cxb4 37. axb4 axb4 38. Bxb4 c5 39. Bxc5 Rc6 40. Bxd4 Rxc4
41. Ba7 Rc3+ 42. Kg2 Rc2+ 43. Kh1 Ke6 44. Re1+ Kf7 45. Bd4 h4 46. Be5 h3 47.
Bxc7 Rxc7 48. Re2 Rc1+ 0-1

[Event "1617LLO"]
[Site "Mecklenburg-Vorpommern"]
[Date "2016.12.04"]
[Round "4.5"]
[White "Meyer, Detlef"]
[Black "Behrens, Christoph"]
[Result "1/2-1/2"]
[WhiteElo "1775"]
[BlackElo "1583"]
[PlyCount "44"]
[EventDate "2016.11.06"]
[EventType "team-tourn"]
[EventRounds "9"]
[SourceDate "2016.10.16"]
[WhiteTeam "SG Neubrandenburg II"]
[BlackTeam "RUGIA Bergen"]

1. e4 e5 2. Nf3 Nc6 3. d4 exd4 4. Nxd4 Qf6 5. Be3 Bc5 6. c3 Nge7 7. Bc4 O-O 8.
O-O Ne5 9. Qe2 d6 10. Nd2 N7g6 11. N2b3 Nh4 12. f3 Qg6 13. Nd2 Bh3 14. Rf2 Nxc4
15. Nxc4 Bxd4 16. cxd4 f5 17. Kh1 Bxg2+ 18. Rxg2 Nxg2 19. Qxg2 Qxg2+ 20. Kxg2
fxe4 21. fxe4 Rae8 22. Nd2 Rf6 1/2-1/2

[Event "1617LLO"]
[Site "Mecklenburg-Vorpommern"]
[Date "2016.12.04"]
[Round "4.6"]
[White "Jepp, Wolfgang"]
[Black "Peters, Hans Joachim"]
[Result "1/2-1/2"]
[WhiteElo "1501"]
[BlackElo "1723"]
[PlyCount "96"]
[EventDate "2016.11.06"]
[EventType "team-tourn"]
[EventRounds "9"]
[SourceDate "2016.10.16"]
[WhiteTeam "RUGIA Bergen"]
[BlackTeam "SG Neubrandenburg II"]

1. e4 e6 2. d4 d5 3. exd5 exd5 4. Bd3 Nc6 5. c3 Bd6 6. Ne2 Nge7 7. Bf4 Bf5 8.
O-O Bxf4 9. Nxf4 Qd6 10. Bxf5 Nxf5 11. Re1+ Nfe7 12. Qg4 O-O 13. Nd2 Rad8 14.
Re2 Qd7 15. Qf3 Ng6 16. Nd3 b6 17. Rae1 Nce7 18. Ne5 Nxe5 19. Rxe5 Ng6 20. R5e2
c6 21. Qg3 Qd6 22. Qxd6 Rxd6 23. g3 f6 24. f4 Rfd8 25. f5 Nf8 26. Nf3 R6d7 27.
g4 Kf7 28. h4 Rc7 29. Kg2 Rdd7 30. Kg3 Re7 31. Rxe7+ Rxe7 32. Rxe7+ Kxe7 33.
Kf4 h6 34. g5 hxg5+ 35. hxg5 Nd7 36. Kg4 b5 37. Kh5 Kf7 38. Nh4 a5 39. Ng2 Nb6
40. b3 Nd7 41. Nf4 Nf8 42. g6+ Ke7 43. Kg4 Nd7 44. Ne6 Nb6 45. Kf4 Nc8 46. Nxg7
Nd6 47. Ke3 Ne4 48. Kd3 Nd6 1/2-1/2

[Event "1617LLO"]
[Site "Mecklenburg-Vorpommern"]
[Date "2016.12.04"]
[Round "4.7"]
[White "Stock, Joachim"]
[Black "Feldt, Horst"]
[Result "0-1"]
[WhiteElo "1642"]
[BlackElo "1580"]
[PlyCount "142"]
[EventDate "2016.11.06"]
[EventType "team-tourn"]
[EventRounds "9"]
[SourceDate "2016.10.16"]
[WhiteTeam "SG Neubrandenburg II"]
[BlackTeam "RUGIA Bergen"]

1. e4 d5 2. exd5 Nf6 3. Nc3 Nxd5 4. Nxd5 Qxd5 5. d4 e5 6. dxe5 Qxe5+ 7. Qe2 Bd6
8. Nf3 Qxe2+ 9. Bxe2 O-O 10. Be3 Bg4 11. h3 Bh5 12. O-O-O Nc6 13. g4 Bg6 14.
Nd2 Nb4 15. Nc4 Nxc2 16. Bd2 Nd4 17. Rde1 Rfe8 18. Bd1 Bd3 19. Rxe8+ Rxe8 20.
Nxd6 cxd6 21. Bc3 Ne2+ 22. Kd2 Nxc3 23. Kxc3 Bb5 24. Bf3 Bc6 25. Bxc6 bxc6 26.
Kd3 Kf8 27. Rc1 Rc8 28. Rc4 Ke7 29. Ra4 Rc7 30. Kc4 g5 31. b3 h6 32. Kb4 Ke6
33. Kc4 Ke5 34. Kd3 d5 35. Rb4 f5 36. f3 f4 37. Rb8 Re7 38. Rd8 Re6 39. Rd7 a6
40. a4 c5 41. a5 Rc6 42. Re7+ Kf6 43. Rh7 Ke5 44. Re7+ Kf6 45. Rb7 Ke6 46. Rb8
Kd7 47. Rf8 Re6 48. Rf7+ Kc6 49. Rf8 Kb5 50. Rd8 Re3+ 51. Kc2 Rxf3 52. Rxd5
Rxh3 53. Rd8 Kb4 54. Rb8+ Kxa5 55. Rb7 Rg3 56. Rb8 f3 57. Rf8 Rg2+ 58. Kc3 Rxg4
59. Rxf3 h5 60. Rf8 h4 61. Rc8 Kb6 62. Rh8 Kb7 63. Rh7+ Kc6 64. Rh6+ Kb5 65.
Rh8 Rg3+ 66. Kb2 h3 67. Rb8+ Kc6 68. Rh8 g4 69. Rh6+ Kb5 70. Rh8 Rg2+ 71. Kc3
h2 0-1

[Event "1617LLO"]
[Site "Mecklenburg-Vorpommern"]
[Date "2016.12.04"]
[Round "4.8"]
[White "Krueger, Bodo"]
[Black "Mueller, Sophie Charlotte"]
[Result "0-1"]
[WhiteElo "1524"]
[BlackElo "1122"]
[PlyCount "68"]
[EventDate "2016.11.06"]
[EventType "team-tourn"]
[EventRounds "9"]
[SourceDate "2016.10.16"]
[WhiteTeam "RUGIA Bergen"]
[BlackTeam "SG Neubrandenburg II"]

1. e4 e5 2. Nf3 Nc6 3. Bb5 Nf6 4. O-O d6 5. Nc3 Bd7 6. Re1 Be7 7. d3 O-O 8. Bd2
a6 9. Ba4 b5 10. Bb3 Be6 11. Nd5 Re8 12. c4 Bg4 13. h3 Bh5 14. Qc1 g6 15. cxb5
Bxf3 16. gxf3 Nd4 17. Bd1 Nxd5 18. exd5 axb5 19. Bc3 Nf5 20. Re4 Bg5 21. Bd2
Bh4 22. f4 Qf6 23. Bg4 h5 24. fxe5 Rxe5 25. Bf3 Rxe4 26. Bxe4 Nd4 27. Qf1 Nc2
28. Rc1 Qxb2 29. Qg2 Nd4 30. Rxc7 Ne2+ 31. Kh2 Bf6 32. Rxf7 Qe5+ 33. f4 Nxf4
34. Qg3 Rxa2 0-1

[Event "1617LLO"]
[Site "Mecklenburg-Vorpommern"]
[Date "2016.12.04"]
[Round "4.2"]
[White "Fiss, Daniel"]
[Black "Kilp, Andreas"]
[Result "1-0"]
[WhiteElo "1719"]
[BlackElo "1701"]
[PlyCount "71"]
[EventDate "2016.11.06"]
[EventType "team-tourn"]
[EventRounds "9"]
[SourceDate "2016.10.16"]
[WhiteTeam "SSC Rostock III"]
[BlackTeam "SAV Torgelow-Droegeheide II"]

1. d4 d5 2. c4 e6 3. Nc3 Nf6 4. Bf4 Bd6 5. Bxd6 Qxd6 6. Nf3 b6 7. e3 Nbd7 8.
Rc1 dxc4 9. Bxc4 c5 10. Nb5 Qb8 11. d5 exd5 12. Bxd5 Nxd5 13. Qxd5 O-O 14. Rc4
Nf6 15. Qg5 Ba6 16. a4 Bxb5 17. axb5 Qe8 18. Nh4 h6 19. Qg3 Qe6 20. Rc1 Rfd8
21. O-O Rd5 22. Qc7 Rd2 23. b4 cxb4 24. Nf3 Qe8 25. Nxd2 Qxb5 26. Qc6 Qxc6 27.
Rxc6 Nd5 28. Nb3 Nc3 29. g3 Rb8 30. Nd4 a5 31. Ra1 a4 32. Nc2 b3 33. Rxc3 bxc2
34. Rxc2 b5 35. Rb2 Kf8 36. Rxa4 1-0

[Event "1617LLO"]
[Site "Mecklenburg-Vorpommern"]
[Date "2016.12.04"]
[Round "4.3"]
[White "Bollnow, Alex"]
[Black "Wurst, Maximilian"]
[Result "0-1"]
[WhiteElo "1592"]
[BlackElo "1659"]
[PlyCount "106"]
[EventDate "2016.11.06"]
[EventType "team-tourn"]
[EventRounds "9"]
[SourceDate "2016.10.16"]
[WhiteTeam "SAV Torgelow-Droegeheide II"]
[BlackTeam "SSC Rostock III"]

1. e4 e5 2. Nf3 Nc6 3. Bb5 Bc5 4. c3 a6 5. Ba4 d6 6. O-O Bg4 7. d4 exd4 8. cxd4
Bxf3 9. Bxc6+ bxc6 10. gxf3 Bb6 11. Nc3 Qf6 12. Ne2 Qxf3 13. Ng3 Qxd1 14. Rxd1
Ne7 15. Kg2 O-O 16. b3 Ng6 17. Bb2 Rfe8 18. Re1 Ba5 19. Rf1 Nf4+ 20. Kf3 Nd3
21. Ba3 Bb4 22. Bxb4 Nxb4 23. Rfd1 a5 24. Rd2 Na6 25. Rc1 c5 26. d5 Nb8 27. Rg1
g6 28. Nh5 Nd7 29. h4 Kh8 30. Nf4 h5 31. Ke3 Kh7 32. f3 Ne5 33. Rdg2 a4 34. Rb1
Reb8 35. Rgb2 axb3 36. Rxb3 Rxb3+ 37. axb3 Rb8 38. Nd3 Nxd3 39. Kxd3 Kg7 40.
Kc3 f6 41. Rg1 Kh6 42. f4 Rb4 43. Re1 Rd4 44. Kc2 g5 45. hxg5+ fxg5 46. e5 dxe5
47. fxe5 Rxd5 48. e6 Rd8 49. e7 Re8 50. Re6+ Kg7 51. Kd3 Kf7 52. Re4 Rxe7 53.
Rxe7+ Kxe7 0-1

[Event "1617LLO"]
[Site "Mecklenburg-Vorpommern"]
[Date "2016.12.04"]
[Round "4.4"]
[White "Bardosch, Karl"]
[Black "Schmekel, Felix"]
[Result "0-1"]
[WhiteElo "1662"]
[BlackElo "1641"]
[PlyCount "66"]
[EventDate "2016.11.06"]
[EventType "team-tourn"]
[EventRounds "9"]
[SourceDate "2016.10.16"]
[WhiteTeam "SSC Rostock III"]
[BlackTeam "SAV Torgelow-Droegeheide II"]

1. e4 c5 2. Nc3 g6 3. g3 Bg7 4. Bg2 d6 5. d3 Nc6 6. Be3 e6 7. f4 Nge7 8. Nf3
O-O 9. O-O a6 10. a4 Qc7 11. Qd2 Rb8 12. Nh4 b6 13. g4 f5 14. h3 Nb4 15. Nd1
Bb7 16. c3 Nbc6 17. d4 Na5 18. dxc5 dxc5 19. Qc2 c4 20. e5 Nb3 21. Ra3 Rfd8 22.
Nf3 Be4 23. Qf2 Bd3 24. Re1 h6 25. Nd4 Nxd4 26. Bxd4 Nc6 27. Bxc6 Qxc6 28. Qe3
Bf8 29. Ra2 a5 30. Nf2 Bc2 31. Re2 Bxa4 32. Bxb6 Rxb6 33. Rxa4 Bc5 0-1